Postavenie dane z príjmov právnickej osoby v daňovom systéme SR a Nemecka diplomová práca

Salvato in:
Dettagli Bibliografici
Autore principale: Brandýs, Marek
Ente Autore: Národohospodárska fakulta EU. Katedra financií
Altri autori: Kušnírová, Jana, 1977-
Natura: Libro
Lingua:slovacco
Pubblicazione: Bratislava 2017
Tags: Aggiungi Tag
Nessun Tag, puoi essere il primo ad aggiungerne!!

MARC

LEADER 00000nbm a2200000 4500
001 0231798
005 20171127144303.9
041 0 |a slo 
044 |a SK 
245 1 0 |a Postavenie dane z príjmov právnickej osoby v daňovom systéme SR a Nemecka  |b diplomová práca  |c Marek Brandýs ; školiteľ: Jana Kušnírová 
264 1 |a Bratislava  |c 2017 
300 |a 78 s. 
100 1 |a Brandýs, Marek 
700 1 |a Kušnírová, Jana, 1977- 
710 2 |a Národohospodárska fakulta EU. Katedra financií